| 000 | 00583nam a2200217Ia 4500 | ||
|---|---|---|---|
| 003 | OSt | ||
| 005 | 20220928151711.0 | ||
| 006 | a|||||r|||| 00| 0 | ||
| 007 | ta | ||
| 008 | 220927b |||||||| |||| 00| 0 eng d | ||
| 024 | _a131210 | ||
| 037 | _cAnnuals, Advances | ||
| 040 |
_aSDCL _cSDCL _beng |
||
| 041 |
_2eng _aeng |
||
| 082 | _aG111n1,N70, L0.39 | ||
| 100 |
_aBenos Dale J. Ed. _9518208 |
||
| 245 | 0 | _aDevelopmentaal Biology of Membrane | |
| 490 | _v39 | ||
| 942 |
_hG111n1,N70, L0.39 _cREF _2CC |
||
| 999 |
_c852914 _d852914 |
||